Čitanka dľa 5. klasu zagaľnoj školy.

Uložené v:
Podrobná bibliografia
Médium: Kniha
Jazyk:Slovak
Vydané: Bratislava, 1955.
Fyzický popis: 286 s.
Tagy: Pridať tag
Žiadne tagy, Buďte prvý kto otaguje tento záznam!

MARC

LEADER 00000nam a22000004a 4500
001 000612708
005 20191108142645.0
008 190322s1955 xo e 000 0 slo d
040 |a SVKKK  |b slo  |c SVKKK  |e AACR2 
245 1 0 |a Čitanka dľa 5. klasu zagaľnoj školy. 
260 |a Bratislava,  |c 1955. 
300 |a 286 s. 
500 |a am revízie 
910 |a svkkk 
998 |a BK 
090 |g SCKHL  |k Sklad Pribinova 2. posch.  |a III.27595  |j 128664  |i 2720687611  |s Prezenčne